Historia de los terremotos: de los mitos a la ciencia, de los dioses que causaban temblores de tierra a las placas tectónicas
Furkejuvvon:
| Váldodahkki: | |
|---|---|
| Materiálatiipa: | Girji |
| Giella: | espánnjágiella |
| Almmustuhtton: |
Buenos Aires
Capital Intelectual
2006
|
| Preanttus: | 1a. ed |
| Ráidu: | Colección Estación Ciencia, 2
|
| Fáttát: | |
| Fáddágilkorat: |
Lasit fáddágilkoriid
Eai fáddágilkorat, Lasit vuosttaš fáddágilkora!
|
MARC
| LEADER | 00000nam a2200000 a 4500 | ||
|---|---|---|---|
| 001 | UCI2882 | ||
| 003 | CL-VaPUC | ||
| 008 | 070928e20060000AG |||||||||||||||||spa|d | ||
| 020 | |a 9789871181681 | ||
| 082 | 0 | 4 | |a 551.22 |b MAG |2 21 |
| 100 | |a Magnani, Esteban |e autor |9 524097 | ||
| 245 | 1 | 0 | |a Historia de los terremotos: de los mitos a la ciencia, de los dioses que causaban temblores de tierra a las placas tectónicas |
| 250 | |a 1a. ed | ||
| 300 | |a 117 p | ||
| 942 | |c BK | ||
| 945 | |d 20070928 00:00:00 |a jtorresc | ||
| 260 | |a Buenos Aires |b Capital Intelectual |c 2006 | ||
| 650 | 0 | |a Sismología |9 268106 | |
| 650 | 0 | |a Terremotos |9 267728 | |
| 650 | 0 | |a Catástrofes naturales |9 268107 | |
| 650 | 7 | |a FENOMENOS NATURALES |2 CL-VaPUC |9 343098 | |
| 650 | 0 | |a Desastres |9 263945 | |
| 650 | 0 | |a Geofísica |9 261453 | |
| 650 | 0 | |a Historia |9 255047 | |
| 583 | |a last modification |c 20070928 00:00:00 |k Rodrigo Vera | ||
| 490 | 0 | |a Colección Estación Ciencia, 2 | |
| 999 | |c 327296 |d 327294 | ||
| 952 | |0 0 |1 0 |4 0 |6 551_220000000000000_MAG_2006 |7 0 |8 A |9 409953 |a BIBCUR |b BIBCUR |d 2019-11-22 |i 4370899 |o 551.22 MAG 2006 |p 4370899 |r 2025-04-22 |w 2019-11-22 |y BK |k FIS | ||